Missing Word: Drinks in the Movies Quiz Stats

 Plays Quiz Updated May 11, 2018

Challenge
Share
Tweet
Embed
Score 0/14 Timer 02:00
0 Plays Today
Movie Drink % Correct
Like _____ for ChocolateWater
89.1%
Days of ____ and Roses Wine
88%
Irish _______ RebellionWhiskey
86%
_______ SunriseTequila
81.9%
Coffee, ___, or MeTea
81.8%
____ for my HorsesBeer
76.7%
____ MoneyMilk
58.3%
Movie Drink % Correct
______ and CigarettesCoffee
56.8%
The ___ DiaryRum
55.9%
_______ LemonVodka
47.6%
______ on the RocksScotch
34.5%
______ MolotovCocktail
34.3%
_________ CharlieChampagne
19%
____, Candy, and ChocolateCola
19%

Today's Daily Dose

You're not logged in!

Compare scores with friends on all Sporcle quizzes.
Join for Free
OR
Log In

You Might Also Like...

Show Comments

Extras

Top Quizzes Today


Score Distribution

Your Account Isn't Verified!

In order to create a playlist on Sporcle, you need to verify the email address you used during registration. Go to your Sporcle Settings to finish the process.

Report this User

Report this user for behavior that violates our Community Guidelines.

Details: